The Slovak Organic Food Market: Development of Organic Agricultural Area, Organic Agricultural Production and Sales of Packaged Organic Food

Rastúci záujem spotrebiteľov o zdravý životný štýl a vyššiu kvalitu produktov ovplyvňuje dynamický rozvoj biopotravín nielen v Európskej únii, ale aj na celom svete. Postupne sa uberá k dôveryhodnosti a transparentnosti výrobcov, čerstvosti v potravinárskom priemysle a prirodzenosti produktov, ktoré...

Ausführliche Beschreibung

Gespeichert in:
Bibliographische Detailangaben
1. Verfasser: Jarossová, Malgorzata Agnieszka, 1978-
Weitere Verfasser: Ševčíková, Renáta, 1982-, Chomová, Katarína, 1983-
Format: Buchkapitel
Sprache:Englisch
Schlagworte:
Tags: Tag hinzufügen
Keine Tags, Fügen Sie das erste Tag hinzu!

MARC

LEADER 00000naa$a2200000$$$4500
001 0302958
005 20250529141420.1
041 0 |a eng 
044 |a CH 
245 1 0 |a The Slovak Organic Food Market: Development of Organic Agricultural Area, Organic Agricultural Production and Sales of Packaged Organic Food  |c Malgorzata Agnieszka Jarossová, Renáta Ševčíková, Katarína Chomová 
520 |a Rastúci záujem spotrebiteľov o zdravý životný štýl a vyššiu kvalitu produktov ovplyvňuje dynamický rozvoj biopotravín nielen v Európskej únii, ale aj na celom svete. Postupne sa uberá k dôveryhodnosti a transparentnosti výrobcov, čerstvosti v potravinárskom priemysle a prirodzenosti produktov, ktoré vyrábajú. Ekologická výroba je celkový systém riadenia fariem, výroby potravín a jej vplyvu na životné prostredie (ochrana prírodných zdrojov a uplatňovanie prísnych noriem v oblasti životných podmienok zvierat a výroby). 
610 2 0 |a bioprodukty 
610 2 0 |a spotrebitelia 
610 2 0 |a ponuka 
610 2 0 |a dopyt 
610 2 0 |a priemysel potravinársky 
610 2 0 |a výroba ekologická 
100 1 |a Jarossová, Malgorzata Agnieszka, 1978- 
700 1 |a Ševčíková, Renáta, 1982- 
700 1 |a Chomová, Katarína, 1983-